Structural steelwork: design to limit state theory. (4th ed.) (Record no. 76922)

MARC details
000 -LEADER
fixed length control field 01362nam a2200229 a 4500
008 - FIXED-LENGTH DATA ELEMENTS--GENERAL INFORMATION
fixed length control field 150420s2014 ||||||||||||||||| || u
020 ## - INTERNATIONAL STANDARD BOOK NUMBER
International Standard Book Number 9780415531917
050 ## - LIBRARY OF CONGRESS CALL NUMBER
Classification number TA 684 Lam
100 ## - MAIN ENTRY--PERSONAL NAME
Personal name Lam, Dennis
245 10 - TITLE STATEMENT
Title Structural steelwork: design to limit state theory. (4th ed.)
Statement of responsibility, etc. By Dennis Lam, Thien-Cheong Ang [and] Sing-Ping Chiew
250 ## - EDITION STATEMENT
Edition statement 4th ed.
260 ## - PUBLICATION, DISTRIBUTION, ETC.
Place of publication, distribution, etc. Boca Raton
Name of publisher, distributor, etc. CRC Press
Date of publication, distribution, etc. 2014
300 ## - PHYSICAL DESCRIPTION
Extent ix, 368p.: ill.
350 ## -
-- 62.95
650 ## - SUBJECT ADDED ENTRY--TOPICAL TERM
Topical term or geographic name entry element STEEL, STRUCTURAL
650 ## - SUBJECT ADDED ENTRY--TOPICAL TERM
Topical term or geographic name entry element BUILDING, IRON AND STEEL
995 ## -
-- ANNEX COLLECTION (Main Library)
-- 62.95
-- 745104
-- CBU-MAIN LIBRARY (Kitwe)
-- 62.95
-- TA 684 Lam
-- 2
-- AVAILABLE
-- Apr 27, 2015
-- 745104
-- Annex Low-Usage Collection
995 ## -
-- MAIN LIBRARY OPEN ACCESS
-- 745106
-- CBU-MAIN LIBRARY (Kitwe)
-- 62.95
-- TA 684 Lam
-- 4
-- AVAILABLE
-- Apr 27, 2015
-- 745106
-- Main Library Open Access Collection
995 ## -
-- ANNEX COLLECTION (Main Library)
-- 745105
-- CBU-MAIN LIBRARY (Kitwe)
-- 62.95
-- TA 684 Lam
-- 3
-- AVAILABLE
-- Apr 27, 2015
-- 745105
-- Annex Low-Usage Collection
995 ## -
-- ANNEX COLLECTION (Main Library)
-- 745103
-- CBU-MAIN LIBRARY (Kitwe)
-- 62.95
-- TA 684 Lam
-- 1
-- AVAILABLE
-- Apr 27, 2015
-- 745103
-- Annex Low-Usage Collection
995 ## -
-- MAIN LIBRARY OPEN ACCESS
-- 745107
-- CBU-MAIN LIBRARY (Kitwe)
-- 62.95
-- TA 684 Lam
-- 5
-- AVAILABLE
-- Apr 27, 2015
-- 745107
-- Main Library Open Access Collection
999 ## -
-- 76922
-- 76922
Holdings
Withdrawn status Lost status Source of classification or shelving scheme Damaged status Not for loan Permanent Location Current Location Shelving location Date acquired Total Checkouts Full call number Barcode Date last seen Copy number Price effective from Koha item type Total Renewals Date last checked out
          CBU-MAIN LIBRARY, KITWE. CBU-MAIN LIBRARY, KITWE.   04/25/2023   TA 684 Lam 745104 04/25/2023 1 04/25/2023 MONOGRAPH    
          CBU-MAIN LIBRARY, KITWE. CBU-MAIN LIBRARY, KITWE.   04/25/2023   TA 684 Lam 745106 04/25/2023 2 04/25/2023 MONOGRAPH    
          CBU-MAIN LIBRARY, KITWE. CBU-MAIN LIBRARY, KITWE.   04/25/2023   TA 684 Lam 745105 04/25/2023 3 04/25/2023 MONOGRAPH    
Withdrawn         CBU-MAIN LIBRARY, KITWE. CBU-MAIN LIBRARY, KITWE.   04/25/2023   TA 684 Lam 745103 04/25/2023 4 04/25/2023 MONOGRAPH    
          CBU-MAIN LIBRARY, KITWE. CBU-MAIN LIBRARY, KITWE.   04/25/2023 2 TA 684 Lam 745107 06/03/2024 5 04/25/2023 MONOGRAPH 1 06/03/2024